|
|
|
|
| LEADER |
02079nam a2200541 i 4500 |
| 001 |
nkc20193160890 |
| 003 |
CZ PrNK |
| 005 |
20200212091002.0 |
| 007 |
ta |
| 008 |
191122s2019 xr a e p 001 0 cze |
| 015 |
|
|
|a cnb003160890
|
| 020 |
|
|
|a 978-80-7560-259-6
|q (brožováno)
|
| 035 |
|
|
|a (OCoLC)1140087505
|
| 040 |
|
|
|a OLA001
|b cze
|d ABA001
|e rda
|
| 072 |
|
7 |
|a 368
|x Pojišťovnictví
|2 Konspekt
|9 4
|
| 072 |
|
7 |
|a 37.016
|x Učební osnovy. Vyučovací předměty. Učebnice
|2 Konspekt
|9 22
|
| 080 |
|
|
|a 368:51-7
|2 MRF
|
| 080 |
|
|
|a [311+519.2]-027.22
|2 MRF
|
| 080 |
|
|
|a 519.21
|2 MRF
|
| 080 |
|
|
|a (075.8)
|2 MRF
|
| 100 |
1 |
|
|a Pacáková, Viera,
|d 1947-
|7 jx20071201018
|4 aut
|
| 245 |
1 |
0 |
|a Aplikovaná pojistná statistika /
|c Viera Pacáková a kolektiv
|
| 250 |
|
|
|a Vydání první
|
| 264 |
|
1 |
|a [Pardubice] :
|b Univerzita Pardubice,
|c 2019
|
| 300 |
|
|
|a 204 stran :
|b ilustrace ;
|c 24 cm +
|e 1 CD-ROM
|
| 336 |
|
|
|a text
|b txt
|2 rdacontent
|
| 337 |
|
|
|a bez média
|b n
|2 rdamedia
|
| 337 |
|
|
|a počítač
|b c
|2 rdamedia
|
| 338 |
|
|
|a svazek
|b nc
|2 rdacarrier
|
| 338 |
|
|
|a počítačový disk
|b cd
|2 rdacarrier
|
| 500 |
|
|
|a 60 výtisků
|
| 500 |
|
|
|a Nad názvem: Univerzita Pardubice, Fakulta ekonomicko-správní
|
| 504 |
|
|
|a Obsahuje bibliografii a rejstřík
|
| 650 |
0 |
7 |
|a pojistná matematika
|7 ph124212
|2 czenas
|
| 650 |
0 |
7 |
|a aplikovaná statistika
|7 ph207535
|2 czenas
|
| 650 |
0 |
7 |
|a teorie pravděpodobnosti
|7 ph116429
|2 czenas
|
| 650 |
0 |
9 |
|a actuarial mathematics
|2 eczenas
|
| 650 |
0 |
9 |
|a applied statistics
|2 eczenas
|
| 650 |
0 |
9 |
|a probability theory
|2 eczenas
|
| 655 |
|
7 |
|a učebnice vysokých škol
|7 fd133772
|2 czenas
|
| 655 |
|
9 |
|a textbooks (higher)
|2 eczenas
|
| 710 |
2 |
|
|a Univerzita Pardubice.
|b Ekonomicko-správní fakulta
|7 kn20010709381
|4 isb
|
| 910 |
2 |
|
|a BOA001
|b 2-1441.403
|
| 990 |
|
|
|a BK
|
| 995 |
|
|
|a 01
|
| 991 |
|
|
|b 202001
|c NOV
|
| 996 |
6 |
|
|b 2610811347
|c 2-1441.403
|l MZK
|r Sklad / do 1 hodiny
|n 0
|p p.v.
|w 001775269
|u 000010
|a 1
|e BOA001
|j MZK50
|s P
|
| 996 |
7 |
|
|b 2610814369
|c 2-1441.403
|l MZK
|r Sklad / do 1 hodiny
|n 0
|p kup
|w 001775269
|u 000020
|a 1
|e BOA001
|j MZK50
|s A
|